Física y Química/1
Gespeichert in:
| 1. Verfasser: | |
|---|---|
| Weitere Verfasser: | |
| Format: | keine Angabe |
| Sprache: | Spanisch |
| Erschienen: |
Madrid
Bruño
1976
|
| Ausgabe: | 2a ed. |
| Katalog: | MANES: Suchergebnis im Bibliothekskatalog |
| Schulbuchspezifische Eigenschaften: |
|
| Schlagworte: | |
| Tags: |
Tag hinzufügen
Keine Tags, Fügen Sie den ersten Tag hinzu!
|
| Hinzugefügt zu: | 26.04.2016 |
MARC
| LEADER | 000000000a22000000004500 | ||
|---|---|---|---|
| 001 | 38943 | ||
| 008 | 160427s sp ||||| |||| 00| 0 spa d | ||
| 040 | |a MANES |c manes | ||
| 100 | 1 | |a Badía Masgrau, Gaspar |b Dibujos. | |
| 245 | 0 | 0 | |a Física y Química/1 |
| 250 | |a 2a ed. | ||
| 260 | |a Madrid |b Bruño |c 1976 | ||
| 300 | |a 255 p. |c 24 x 17 cm | ||
| 546 | |a España | ||
| 650 | 7 | |a Física y química | |
| 655 | 7 | |a Formación Profesional | |
| 700 | 1 | |a Casas Sabata, José Mª |b Autor |b Perito Industrial Químico |b Ingeniero Técnico Electrónico. |a Corominas Camp, Ramón |b Dibujos. | |
| 942 | |2 ddc |c BK | ||
| 999 | |c 43530 |d 43530 | ||
| 999 | |c manes:43530 |d 43530 | ||